| 000 | 01027nam a22003257a 4500 | ||
|---|---|---|---|
| 003 | CHAP | ||
| 005 | 20220329140500.0 | ||
| 008 | 971013s1946 r 00010 d | ||
| 010 | _a52621 | ||
| 011 | _a53593 | ||
| 035 | _a57743 | ||
| 040 | _cCHAP | ||
| 082 |
_a631.2 _bW66 1946 |
||
| 100 | 0 | 0 |
_aWooley, John Cochran. _9122586 |
| 245 | _aFarm buildings | ||
| 250 | _a2 ed. | ||
| 260 |
_aNew York : _bMcGraw-Hill, _c1946 |
||
| 300 |
_a354 p. _b: ilus. |
||
| 590 |
_aBATCH-UPD _b10 _c20130110 _lUCH01 _h0624 |
||
| 590 |
_aBATCH-UPD _b10 _c20130410 _lUCH01 _h0307 |
||
| 590 |
_aBATCH-UPD _b10 _c20130914 _lUCH01 _h0400 |
||
| 590 |
_aCONVERSION _b10 _c20130109 _lUCH01 _h1328 |
||
| 650 | 1 | 4 |
_aArquitectura doméstica _xProyectos y planos. _97377 |
| 650 | 1 | 4 |
_aConstrucciones rurales _xE.U.A. _927380 |
| 650 | 1 | 4 |
_aIngeniería agrícola. _958196 |
| 901 | _aBK | ||
| 942 | _cLIBRO | ||
| 949 |
_a631.2 W66 1946 _bBC _cLIBRO _d-125512 _eLIBRO _h20692 _i57743 _si |
||
| 949 |
_a631.2 W66 1946 _bBC _cLIBRO _d-125513 _eLIBRO _fc.2 _h20693 _i57743 _si |
||
| 999 |
_c52621 _d52621 |
||